BIM and quantity surveying (Record no. 115696)

MARC details
000 -LEADER
fixed length control field 01122cam a22002416a 4500
001 - CONTROL NUMBER
control field L159137
008 - FIXED-LENGTH DATA ELEMENTS--GENERAL INFORMATION
fixed length control field 160208s2016 xxk f 000 0 eng d
020 ## - INTERNATIONAL STANDARD BOOK NUMBER
International Standard Book Number 9780415870436
035 ## - SYSTEM CONTROL NUMBER
System control number (Sirsi) u159137
041 0# - LANGUAGE CODE
Language code of text/sound track or separate title eng
050 04 - LIBRARY OF CONGRESS CALL NUMBER
Classification number 690.0285
100 1# - MAIN ENTRY--PERSONAL NAME
Personal name Pittard, Steve
245 00 - TITLE STATEMENT
Title BIM and quantity surveying
Medium [electronic resource]
260 ## - PUBLICATION, DISTRIBUTION, ETC.
Place of publication, distribution, etc. London
Name of publisher, distributor, etc. Routledge
Date of publication, distribution, etc. 2016
300 ## - PHYSICAL DESCRIPTION
Extent xvii, 256p.
Dimensions 23cm
520 ## - SUMMARY, ETC.
Summary, etc. Advises quantity surveyors on how Building Information Modelling (BIM) can be incorporated into core quantity surveying service streams including cost planning, risk managememt, whole life costing, procurement, information management, contract administration, performance measurement and management, facilities managememt and dispute resolution. Uses case studies throughout to demonstrate the relationship between BIM and quantity surveying.
650 24 - SUBJECT ADDED ENTRY--TOPICAL TERM
Topical term or geographic name entry element BIM
9 (RLIN) 6219
651 #4 - SUBJECT ADDED ENTRY--GEOGRAPHIC NAME
Geographic name United Kingdom
Chronological subdivision
690 ## - LOCAL SUBJECT ADDED ENTRY--TOPICAL TERM (OCLC, RLIN)
Topical term or geographic name as entry element Quantity surveying
9 (RLIN) 6263
700 1# - ADDED ENTRY--PERSONAL NAME
Personal name Sell, Peter
856 40 - ELECTRONIC LOCATION AND ACCESS
Uniform Resource Identifier <a href="https://www.vlebooks.com/">https://www.vlebooks.com/</a>
Public note View on VLEbooks. Logins for members only from [email protected]
942 ## - ADDED ENTRY ELEMENTS (KOHA)
Suppress in OPAC 0
Holdings
Withdrawn status Lost status Source of classification or shelving scheme Damaged status Not for loan Home library Current library Shelving location Date acquired Total Checkouts Full call number Barcode Date last seen Copy number Price effective from Koha item type
    Dewey Decimal Classification     London London Books 08/02/2016   690.0285 PIT 30078273 06/08/2019 1 06/08/2019 Book
    Dewey Decimal Classification     Virtual Virtual Online 20/05/2016   ONLINE PUBLICATION 159137-2001 06/08/2019 1 06/08/2019 Book